Pathways 3 (Record no. 18425)
[ view plain ]
| 000 -LEADER | |
|---|---|
| fixed length control field | 00774cgm a22002177a 4500 |
| 005 - DATE AND TIME OF LATEST TRANSACTION | |
| control field | 20201125063856.0 |
| 007 - PHYSICAL DESCRIPTION FIXED FIELD--GENERAL INFORMATION | |
| fixed length control field | vd cgaizm |
| 008 - FIXED-LENGTH DATA ELEMENTS--GENERAL INFORMATION | |
| fixed length control field | 140923t2014 xxx f |||| 0| vneng d- |
| 020 ## - INTERNATIONAL STANDARD BOOK NUMBER | |
| International Standard Book Number | 9781133317388 |
| 040 ## - CATALOGING SOURCE | |
| Original cataloging agency | EG-ScBUE |
| 082 00 - DEWEY DECIMAL CLASSIFICATION NUMBER | |
| Edition number | 22 |
| Classification number | 428.0071 |
| Item number | SHE |
| 100 1# - MAIN ENTRY--PERSONAL NAME | |
| Personal name | Sherman, Kristin |
| 9 (RLIN) | 31144 |
| 245 10 - TITLE STATEMENT | |
| Title | Pathways 3 |
| Medium | [videorecording] : |
| Remainder of title | reading, writing, and critical thinking : assessment CD-ROM exam view / |
| Statement of responsibility, etc | Kristin Sherman and Katerina Mestheneou. |
| 246 3# - VARYING FORM OF TITLE | |
| Title proper/short title | Pathways three |
| 260 ## - PUBLICATION, DISTRIBUTION, ETC. (IMPRINT) | |
| Place of publication, distribution, etc | [S. l.] : |
| Name of publisher, distributor, etc | National Geographic Learning : |
| -- | Heinle Cengage Learning, |
| Date of publication, distribution, etc | c.2014. |
| 300 ## - PHYSICAL DESCRIPTION | |
| Extent | 1 CD-ROM. |
| 653 ## - INDEX TERM--UNCONTROLLED | |
| -- | EEENG |
| -- | October2014 |
| 700 1# - ADDED ENTRY--PERSONAL NAME | |
| Personal name | Mestheneou, Katerina |
| 9 (RLIN) | 36131 |
| 710 2# - ADDED ENTRY--CORPORATE NAME | |
| Corporate name or jurisdiction name as entry element | National Geographic Learning |
| 9 (RLIN) | 35969 |
| 942 ## - ADDED ENTRY ELEMENTS (KOHA) | |
| Source of classification or shelving scheme | Dewey Decimal Classification |
| Item type | |
| Call number prefix | 428.0071 SHE TR |
| Withdrawn status | Lost status | Source of classification or shelving scheme | Damaged status | Not for loan | Koha collection | Home library | Current library | Shelving location | Date acquired | Source of acquisition | Total Checkouts | Total Renewals | Full call number | Barcode | Date last seen | Date last borrowed | Koha item type |
|---|---|---|---|---|---|---|---|---|---|---|---|---|---|---|---|---|---|
| Dewey Decimal Classification | Baccah | Central Library | Central Library | Second Floor | 01/10/2014 | 1 | 10 | 428.0071 SHE TR | 000036380 | 24/08/2022 | 01/10/2014 | CD | DVD - Teacher resource |